The grumpy gardener : (Record no. 1857)
[ view plain ]
| 000 -LEADER | |
|---|---|
| fixed length control field | 02563cam a22003975i 4500 |
| 001 - CONTROL NUMBER | |
| control field | data |
| 005 - DATE AND TIME OF LATEST TRANSACTION | |
| control field | 20260322212121.0 |
| 008 - FIXED-LENGTH DATA ELEMENTS--GENERAL INFORMATION | |
| fixed length control field | data |
| 035 ## - SYSTEM CONTROL NUMBER | |
| System control number | 19835144 |
| 010 ## - LIBRARY OF CONGRESS CONTROL NUMBER | |
| LC control number | 2017950175 |
| 020 ## - INTERNATIONAL STANDARD BOOK NUMBER | |
| International Standard Book Number | 9780848753139 |
| Qualifying information | (hardcover) |
| 020 ## - INTERNATIONAL STANDARD BOOK NUMBER | |
| International Standard Book Number | 0848753135 |
| Qualifying information | (hardcover) |
| 035 ## - SYSTEM CONTROL NUMBER | |
| System control number | (OCoLC)953707715 |
| 040 ## - CATALOGING SOURCE | |
| Original cataloging agency | BTCTA |
| Language of cataloging | eng |
| Transcribing agency | BTCTA |
| Description conventions | rda |
| Modifying agency | DLC |
| -- | IEB |
| -- | GP5 |
| -- | OCLCF |
| -- | TXDRI |
| -- | CLE |
| -- | OCLCQ |
| -- | ZNW |
| -- | YDX |
| -- | IGA |
| -- | OCLCQ |
| -- | TXGPM |
| -- | IMD |
| -- | DLC |
| 042 ## - AUTHENTICATION CODE | |
| Authentication code | lccopycat |
| 043 ## - GEOGRAPHIC AREA CODE | |
| Geographic area code | n-usu-- |
| 050 00 - LIBRARY OF CONGRESS CALL NUMBER | |
| Classification number | SB450.943.U6 |
| Item number | B46 2017 |
| 082 04 - DEWEY DECIMAL CLASSIFICATION NUMBER | |
| Classification number | 635 |
| Edition information | 23 |
| 100 1# - MAIN ENTRY--PERSONAL NAME | |
| Personal name | Bender, Steve, |
| Relator term | author. |
| 245 14 - TITLE STATEMENT | |
| Title | The grumpy gardener : |
| Remainder of title | an A to Z guide from the galaxy's most irritable green thumb / |
| Statement of responsibility, etc. | Steve Bender. |
| 250 ## - EDITION STATEMENT | |
| Edition statement | First edition. |
| 264 #1 - PRODUCTION, PUBLICATION, DISTRIBUTION, MANUFACTURE, AND COPYRIGHT NOTICE | |
| Place of production, publication, distribution, manufacture | New York, NY : |
| Name of producer, publisher, distributor, manufacturer | Oxmoor House, |
| Date of production, publication, distribution, manufacture, or copyright notice | 2017. |
| 300 ## - PHYSICAL DESCRIPTION | |
| Extent | 255 pages : |
| Other physical details | illustrations ; |
| Dimensions | 24 cm |
| 336 ## - CONTENT TYPE | |
| Content type term | text |
| Content type code | txt |
| Source | rdacontent |
| 337 ## - MEDIA TYPE | |
| Media type term | unmediated |
| Media type code | n |
| Source | rdamedia |
| 338 ## - CARRIER TYPE | |
| Carrier type term | volume |
| Carrier type code | nc |
| Source | rdacarrier |
| 500 ## - GENERAL NOTE | |
| General note | Includes index. |
| 520 ## - SUMMARY, ETC. | |
| Summary, etc. | Gardeners from across the country have turned to Southern Living Senior Garden Editor Steven Bender - known affectionately as "The Grumpy Gardener"--For his keen knowledge and gardening know-how with equal doses sarcasm and sidesplitting humor for nearly 35 years. Finally, the collected wit and wisdom of the magazine's most irreverent and beloved columnist can be found in a single A - Z volume, providing gardeners from coast-to-coast with his valuable tips for planting, troubleshooting, and growing flowers, vegetables, shrubs, trees and more, all delivered in his signature cantankerous style. Sidebars throughout the book - "Ask Grumpy"--help readers tackle common garden problems ("How do I get ride of little house ants?"), and readers from the past 35 years take part in the book when Grumpy shares his favorite reader's responses to some of his advice, his favorite rules for gardening, and Q & A's covering your favorite plants and flowers are all inside. Additionally, beautiful line-drawings and illustrations throughout make the book as beautiful to look at as well as entertaining to read. The Grumpy Gardener is sure to become the most trusted tool in your gardening shed!-- |
| Assigning source | Source other than the Library of Congress. |
| 650 #0 - SUBJECT ADDED ENTRY--TOPICAL TERM | |
| Topical term or geographic name entry element | Gardening. |
| 650 #4 - SUBJECT ADDED ENTRY--TOPICAL TERM | |
| Topical term or geographic name entry element | Gardening. |
| 650 #7 - SUBJECT ADDED ENTRY--TOPICAL TERM | |
| Topical term or geographic name entry element | GARDENING |
| General subdivision | Container. |
| Source of heading or term | bisacsh |
| 650 #7 - SUBJECT ADDED ENTRY--TOPICAL TERM | |
| Topical term or geographic name entry element | Gardening. |
| Source of heading or term | fast |
| Authority record control number or standard number | (OCoLC)fst00937852 |
| 906 ## - LOCAL DATA ELEMENT F, LDF (RLIN) | |
| a | 7 |
| b | cbc |
| c | copycat |
| d | 2 |
| e | ncip |
| f | 20 |
| g | y-gencatlg |
| 925 0# - | |
| -- | acquire |
| -- | 1 shelf copy |
| -- | policy default |
| Withdrawn status | Lost status | Damaged status | Not for loan | Home library | Current library | Shelving location | Date acquired | Total checkouts | Full call number | Barcode | Date last seen | Price effective from | Koha item type |
|---|---|---|---|---|---|---|---|---|---|---|---|---|---|
| Centerville | Centerville | General stacks | 22/03/2026 | 635 | LOC-CPL-00025 | 22/03/2026 | 22/03/2026 | Books |